[Event "DVM U12 2013"]
[Site "Lichtenfels-Schney GER"]
[Date "2013.12.27"]
[Round "2"]
[White "Biastoch, Bennet"]
[Black "Schnabel, Bennett"]
[Result "1-0"]
[Termination "normal"]
[Board "1.1"]
[WhiteElo "1713"]
[BlackElo "1709"]
[WhiteTeam "SG Aufbau Elbe Magdeburg"]
[BlackTeam "Treptower SV 1949"]
[WhiteFideId "12939889"]
[BlackFideId "12943290"]
[EventCountry "GER"]
[EventRounds "7"]
[EventType "team-swiss"]
[EventDate "2013.12.26"]

1. e4 c5 2. Nf3 g6 3. d4 cxd4 4. Nxd4 Bg7 5. Nc3 Nc6 6. Be3 Nf6 7. Bc4 Qa5 8.
O-O O-O 9. Bb3 d6 10. h3 Bd7 11. f4 Qh5 12. Qd2 Nxd4 13. Bxd4 Bc6 14. Rae1 b5
15. Nd5 Bxd5 16. exd5 Rfe8 17. Qd3 a6 18. g4 Nxg4 19. Bxg7 Kxg7 20. hxg4 Qxg4+
21. Kh2 a5 22. a3 a4 23. Ba2 Qh4+ 24. Qh3 Qf6 25. c3 Rac8 26. f5 g5 27. Re4 h6
28. Qd3 Rc5 29. Qd4 Qxd4 30. Rxd4 Kf6 31. Bb1 h5 32. Kg3 Rec8 33. Bd3 Rb8 34.
Be2 Rh8 35. Rh1 h4+ 36. Kg4 Rhc8 37. Rhd1 Rb8 38. Rb4 Rb7 39. c4 Rcc7 40. cxb5
Rc2 41. Bf3 Rc5 42. b6 Rc8 43. Rdd4 Rc1 44. Rd1 Rc2 45. Be4 Rc5 46. Rd2 Rc1 47.
Rc2 Rf1 48. Rc7 Rxc7 49. bxc7 Rc1 50. Rb7 Rc4 51. Kh3 e6 52. Bd3 Rc1 53. Ra7
Ke5 54. Ba6 Kf4 55. c8=Q g4+ 56. Kg2 h3+ 57. Kh2 Rxc8 58. Bxc8 e5 59. Rxa4+ e4
60. f6 g3+ 61. Kxh3 Kf3 62. Bg4+ Kf4 63. Kg2 Ke5 64. Kxg3 e3 65. Kf3 e2 66.
Kxe2 Kxf6 67. Rf4+ Ke7 68. a4 f5 69. Bxf5 Kf6 70. a5 Ke5 71. Rb4 1-0

[Event "DVM U12 2013"]
[Site "Lichtenfels-Schney GER"]
[Date "2013.12.27"]
[Round "2"]
[White "Petersen, Marcel"]
[Black "Roseneck, Jonas"]
[Result "1-0"]
[Termination "normal"]
[Board "1.2"]
[WhiteElo "1581"]
[BlackElo "1744"]
[WhiteTeam "Treptower SV 1949"]
[BlackTeam "SG Aufbau Elbe Magdeburg"]
[WhiteFideId "12935670"]
[BlackFideId "12939870"]
[EventCountry "GER"]
[EventRounds "7"]
[EventType "team-swiss"]
[EventDate "2013.12.26"]

1. e4 c5 2. Nf3 d6 3. d4 cxd4 4. Nxd4 Nf6 5. Nc3 a6 6. Be2 e6 7. O-O Nbd7 8. f4
b5 9. Bf3 Bb7 10. a3 Be7 11. Qe1 Qc7 12. Kh1 Rd8 13. Bd2 Nb6 14. b3 O-O 15. a4
bxa4 16. Nxa4 d5 17. e5 Ne4 18. Ba5 Bc5 19. c3 Bc6 20. Bxe4 Bxa4 21. Bxh7+ Kxh7
22. Bxb6 Qxb6 23. Rxa4 Rb8 24. Rf3 Bxd4 25. cxd4 Rfc8 26. h3 Qc6 27. Ra2 Qb6
28. Qd2 Rc6 29. Qd3+ g6 30. g4 Rbc8 31. f5 exf5 32. gxf5 Qc7 33. Raf2 Kg7 34.
e6 f6 35. Rg3 g5 36. Rff3 Qd6 37. Kg2 R6c7 38. h4 Rc2+ 39. Kh3 Qe7 40. hxg5
Rh8+ 41. Kg4 Rch2 42. Rh3 Qe8 43. Qe3 Rh5 44. gxf6+ Kxf6 45. Qe5+ Ke7 46. Rxh2
Rxh2 47. Qxh2 Qg8+ 48. Kh3 Qh8+ 49. Kg2 Qxd4 50. Qc7+ Kf6 51. Qf7+ 1-0

[Event "DVM U12 2013"]
[Site "Lichtenfels-Schney GER"]
[Date "2013.12.27"]
[Round "2"]
[White "Niemann, Alexander"]
[Black "Hüls, Maximilian"]
[Result "1-0"]
[Termination "normal"]
[Board "1.3"]
[WhiteElo "1637"]
[BlackElo "1609"]
[WhiteTeam "SG Aufbau Elbe Magdeburg"]
[BlackTeam "Treptower SV 1949"]
[WhiteFideId "12939862"]
[BlackFideId "12949698"]
[EventCountry "GER"]
[EventRounds "7"]
[EventType "team-swiss"]
[EventDate "2013.12.26"]

1. e4 c5 2. Nf3 Nc6 3. d4 cxd4 4. Nxd4 Nf6 5. Nc3 e5 6. Ndb5 d6 7. Bg5 a6 8.
Na3 b5 9. Nd5 Qa5+ 10. Bd2 Qd8 11. Bg5 Qa5+ 12. Bd2 Qd8 13. c4 b4 14. Bxb4 Nxb4
15. Nxb4 Qa5 16. Nac2 d5 17. a3 dxc4 18. Bxc4 Nxe4 19. Qd5 Qd8 1-0

[Event "DVM U12 2013"]
[Site "Lichtenfels-Schney GER"]
[Date "2013.12.27"]
[Round "2"]
[White "Stockter, Jasper Enno"]
[Black "Cejda, Cecilia"]
[Result "1/2-1/2"]
[Termination "normal"]
[Board "1.4"]
[WhiteElo "1337"]
[BlackElo "1552"]
[WhiteTeam "Treptower SV 1949"]
[BlackTeam "SG Aufbau Elbe Magdeburg"]
[WhiteFideId "12957291"]
[BlackFideId "12921122"]
[EventCountry "GER"]
[EventRounds "7"]
[EventType "team-swiss"]
[EventDate "2013.12.26"]

1. e4 c5 2. Nf3 d6 3. d4 cxd4 4. Nxd4 Nf6 5. Nc3 a6 6. Be2 e6 7. O-O Nbd7 8. f4
b5 9. Bf3 Bb7 10. a3 Be7 11. Qe1 Rb8 12. Kh1 O-O 13. Be3 Qc7 14. Rd1 e5 15. Nf5
Rfe8 16. Nxe7+ Rxe7 17. Qd2 Nc5 18. Qxd6 Qxd6 19. Rxd6 Ncxe4 20. Bxe4 Bxe4 21.
Nxe4 Nxe4 22. Rxa6 exf4 23. Bxf4 Rbe8 24. b3 Nc3 25. Bd2 Ne2 26. Bb4 Rc7 27.
Rb6 Rxc2 28. Rxb5 Nd4 29. Rb7 Nxb3 30. Rbxf7 Rc1 31. Rxc1 Nxc1 32. Rf1 Nd3 33.
h3 Nxb4 34. axb4 Rb8 35. Rb1 Kf7 36. Kg1 Ke6 37. Kf2 Kd5 38. Ke3 Kc4 39. Kf4
Rxb4 40. Rxb4+ Kxb4 41. Ke5 Kc4 42. Ke6 Kd4 43. Kf7 g5 44. Kf6 g4 45. hxg4 Ke4
46. Kg5 Ke3 47. g3 Kf3 48. Kh4 h6 49. Kh3 Kf2 50. Kh4 Kf3 51. Kh3 Kf2 52. Kh2
Kf3 53. Kh3 Kf2 54. Kh4 Kf3 55. g5 hxg5+ 56. Kxg5 Kxg3 1/2-1/2

[Event "DVM U12 2013"]
[Site "Lichtenfels-Schney GER"]
[Date "2013.12.27"]
[Round "2"]
[White "Irkilmez, Yakub"]
[Black "Engel, Luis"]
[Result "0-1"]
[Termination "normal"]
[Board "2.1"]
[WhiteElo "1542"]
[BlackElo "1852"]
[WhiteTeam "SK Blauer Springer Paderborn"]
[BlackTeam "Hamburger SK"]
[WhiteFideId "16204581"]
[BlackFideId "12961523"]
[EventCountry "GER"]
[EventRounds "7"]
[EventType "team-swiss"]
[EventDate "2013.12.26"]

1. c4 Nf6 2. Nc3 g6 3. g3 d5 4. cxd5 Nxd5 5. Bg2 Nb6 6. e3 Bg7 7. Nge2 O-O 8.
O-O c6 9. d4 e5 10. dxe5 Bxe5 11. Qc2 Qe7 12. b3 Na6 13. a3 Rd8 14. Bb2 Be6 15.
Ne4 Bf5 16. Bxe5 Qxe5 17. Qc3 Qxc3 18. N4xc3 Rd3 19. Rfd1 Rad8 20. b4 Rxd1+ 21.
Nxd1 Rd2 22. Ndc3 Nc4 23. Nd4 Bd3 24. Bf1 Bxf1 25. Kxf1 c5 26. bxc5 Nxc5 27. a4
f5 28. a5 Nd3 29. Nce2 b6 30. axb6 axb6 31. Ra8+ Kg7 32. Ra7+ Kh6 33. h4 Nce5
34. Ne6 Kh5 35. f4 Nc4 36. N6d4 Nxe3+ 37. Kg1 Kg4 38. Kh2 Nc1 39. Rxh7 Nxe2 40.
Rh6 Nxg3+ 41. Kg1 Rg2# 0-1

[Event "DVM U12 2013"]
[Site "Lichtenfels-Schney GER"]
[Date "2013.12.27"]
[Round "2"]
[White "Meyling, Lennart"]
[Black "Kesselmeier, Kevin"]
[Result "1-0"]
[Termination "normal"]
[Board "2.2"]
[WhiteElo "1716"]
[BlackElo "1372"]
[WhiteTeam "Hamburger SK"]
[BlackTeam "SK Blauer Springer Paderborn"]
[WhiteFideId "12947130"]
[BlackFideId "16217551"]
[EventCountry "GER"]
[EventRounds "7"]
[EventType "team-swiss"]
[EventDate "2013.12.26"]

1. c4 c5 2. g3 Nc6 3. Bg2 g6 4. Nc3 Bg7 5. e3 e5 6. Nge2 d6 7. O-O Nge7 8. a3
O-O 9. Rb1 a5 10. Nb5 Be6 11. d3 Qd7 12. Nec3 d5 13. Na4 dxc4 14. Nb6 Qxd3 15.
Qxd3 cxd3 16. Nxa8 Rxa8 17. Bd2 Bb3 18. Rbc1 b6 19. Rc3 a4 20. Rcc1 Rd8 21. f4
exf4 22. gxf4 Bxb2 23. Rb1 Bg7 24. Kf2 c4 25. Rfc1 Ba2 26. Ra1 Bxa1 27. Rxa1
Bb3 28. h4 Na5 29. e4 Bc2 30. Rg1 Nb3 31. Ke3 f5 32. h5 Nd5+ 33. exd5 Re8+ 34.
Kf2 Re2+ 35. Kg3 Rxd2 36. d6 Kf8 37. Nc3 Nd4 38. Nd5 Ke8 39. hxg6 hxg6 40. Nf6+
Kf7 41. d7 Ke7 42. Rh1 Ne2+ 43. Kf3 Nd4+ 44. Ke3 Ne6 45. Kxd2 Kxf6 46. Re1 Nxf4
47. d8=Q+ 1-0

[Event "DVM U12 2013"]
[Site "Lichtenfels-Schney GER"]
[Date "2013.12.27"]
[Round "2"]
[White "Schlangenotto, Niklas"]
[Black "Holinka, Henning"]
[Result "0-1"]
[Termination "normal"]
[Board "2.3"]
[WhiteElo "1417"]
[BlackElo "1583"]
[WhiteTeam "SK Blauer Springer Paderborn"]
[BlackTeam "Hamburger SK"]
[WhiteFideId "16217560"]
[BlackFideId "12967084"]
[EventCountry "GER"]
[EventRounds "7"]
[EventType "team-swiss"]
[EventDate "2013.12.26"]

1. d4 d5 2. Bf4 Nf6 3. Nf3 e6 4. e3 c5 5. c3 Nc6 6. Bd3 Bd6 7. Bg3 O-O 8. Nbd2
Nh5 9. Bh4 Be7 10. Bxh7+ Kxh7 11. Ng5+ Kh6 12. f4 cxd4 13. cxd4 g6 14. Qf3 Kg7
15. g4 Nf6 16. Bg3 Nb4 17. Ke2 Rh8 18. h4 Bd7 19. a4 Qb6 20. h5 Qa6+ 21. Kf2 e5
22. dxe5 Nxg4+ 23. Kg2 Bxg5 24. Raf1 Nxe3+ 0-1

[Event "DVM U12 2013"]
[Site "Lichtenfels-Schney GER"]
[Date "2013.12.27"]
[Round "2"]
[White "Engel, Robert"]
[Black "Müller, Noah"]
[Result "1-0"]
[Termination "normal"]
[Board "2.4"]
[WhiteElo "1194"]
[BlackElo "1157"]
[WhiteTeam "Hamburger SK"]
[BlackTeam "SK Blauer Springer Paderborn"]
[WhiteFideId "12974684"]
[BlackFideId "16217586"]
[EventCountry "GER"]
[EventRounds "7"]
[EventType "team-swiss"]
[EventDate "2013.12.26"]

1. e4 d5 2. exd5 Qxd5 3. Nc3 Qa5 4. d3 e5 5. g3 Nf6 6. Bg2 c6 7. Nf3 Bd6 8. O-O
O-O 9. Re1 Qc7 10. Bd2 Bf5 11. Qe2 Nbd7 12. Rad1 Rfe8 13. Nh4 Bg4 14. Bf3 Be6
15. Bh1 Rad8 16. a3 Bc5 17. Be3 Qb6 18. b4 Bxe3 19. Qxe3 Qxe3 20. Rxe3 Nd5 21.
Nxd5 cxd5 22. Rde1 f6 23. f4 Bg4 24. Bxd5+ Kf8 25. Bxb7 exf4 26. Rxe8+ Rxe8 27.
Rxe8+ Kxe8 28. gxf4 Nb6 29. c4 Kd7 30. c5 Na4 31. Kf2 Kc7 32. Be4 g6 33. Ke3
Nc3 34. Kd4 Nb5+ 35. Ke3 Nxa3 36. d4 f5 37. Bd3 Kc6 38. Kd2 Nb5 39. d5+ Kxd5
40. Bxb5 Bh3 41. Ke3 Bg4 42. c6 Kd6 43. Kd4 Bd1 44. h3 Bb3 45. Nf3 Bd5 46. Ne5
Be6 47. Bc4 Bc8 48. Bg8 Ke7 49. Bxh7 Kf6 50. Bxg6 Ke6 51. Be8 Ke7 52. Bd7 Ba6
53. h4 Kf8 54. c7 Kg7 55. Bxf5 Kf6 56. c8=Q Bxc8 57. Bxc8 Ke7 58. h5 Kf8 59. f5
Kg7 60. Kd5 a6 61. Ke6 a5 62. bxa5 Kg8 63. a6 Kf8 64. a7 Kg8 65. a8=Q Kg7 66.
Qg2+ Kh8 67. h6 1-0

[Event "DVM U12 2013"]
[Site "Lichtenfels-Schney GER"]
[Date "2013.12.27"]
[Round "2"]
[White "Nguyen, Anh Van"]
[Black "Kölz, Niklas"]
[Result "1/2-1/2"]
[Termination "normal"]
[Board "3.1"]
[WhiteElo "1610"]
[BlackElo "1719"]
[WhiteTeam "USV Potsdam"]
[BlackTeam "Märkischer Springer Halver-Schalksmühle"]
[WhiteFideId "12908223"]
[BlackFideId "12971758"]
[EventCountry "GER"]
[EventRounds "7"]
[EventType "team-swiss"]
[EventDate "2013.12.26"]

1. Nf3 c5 2. e4 e6 3. d4 cxd4 4. Nxd4 a6 5. Nc3 b5 6. a3 Bb7 7. Be2 Qc7 8. Be3
Nf6 9. f3 Be7 10. Qd2 d6 11. O-O Nbd7 12. Rfd1 O-O 13. Qe1 d5 14. exd5 Nxd5 15.
Nxd5 Bxd5 16. Qd2 Bd6 17. h3 Nf6 18. Rac1 Bh2+ 19. Kh1 Nh5 20. f4 Nxf4 21. Bf3
Ng6 22. Bxd5 exd5 23. Nf3 Be5 24. Nxe5 Qxe5 25. Bd4 Qe6 26. Bc3 Rfd8 27. Qd4 f6
28. Re1 Qc6 29. Rcd1 Ne5 30. Qf2 Re8 31. Qg3 Re6 32. Bxe5 fxe5 33. Rxe5 Rxe5
34. Qxe5 Rd8 1/2-1/2

[Event "DVM U12 2013"]
[Site "Lichtenfels-Schney GER"]
[Date "2013.12.27"]
[Round "2"]
[White "Browning, Alex"]
[Black "Shevelko, Alexander"]
[Result "0-1"]
[Termination "normal"]
[Board "3.2"]
[WhiteElo "1517"]
[BlackElo "1556"]
[WhiteTeam "Märkischer Springer Halver-Schalksmühle"]
[BlackTeam "USV Potsdam"]
[WhiteFideId "12984019"]
[BlackFideId "12952125"]
[EventCountry "GER"]
[EventRounds "7"]
[EventType "team-swiss"]
[EventDate "2013.12.26"]

1. e4 e6 2. b3 d5 3. Bb2 dxe4 4. Nc3 Nd7 5. Nxe4 Ngf6 6. Nxf6+ Nxf6 7. Qe2 Bd6
8. O-O-O Qe7 9. Kb1 O-O 10. h4 a5 11. a4 e5 12. Re1 Re8 13. f3 h5 14. Qf2 Bf5
15. Ne2 Qd7 16. Nc3 c6 17. Bc4 Re7 18. Ne4 Bxe4 19. fxe4 Ng4 20. Qg1 b5 21.
axb5 cxb5 22. Bd5 Rc8 23. Rh3 Nf6 24. Rd3 Rc5 25. Ba8 Re8 26. Qxc5 Bxc5 27.
Rxd7 Nxd7 28. Bc6 Rd8 29. Bxb5 Bf2 30. Rh1 f6 31. d3 Nc5 32. Bc3 a4 33. b4 Rb8
34. Bc4+ Kh7 35. Ka2 Nxe4 36. dxe4 Rc8 37. b5 Rxc4 38. Kb2 Rxe4 39. Ba5 Kg6 40.
c3 Rc4 41. b6 Rc5 42. c4 Rxa5 43. b7 Ba7 44. Ka3 Ra6 45. Rb1 Rc6 46. Kxa4 Ra6+
47. Kb3 Rb6+ 48. Kc2 Rxb1 49. Kxb1 Kf5 50. c5 Kg4 51. Kc2 Kg3 52. Kd3 f5 53. c6
Bb8 54. Kc4 e4 55. Kd5 e3 56. Ke6 e2 57. Kd7 e1=Q 58. c7 Bxc7 59. Kxc7 Qe7+ 60.
Kc6 Qd8 0-1

[Event "DVM U12 2013"]
[Site "Lichtenfels-Schney GER"]
[Date "2013.12.27"]
[Round "2"]
[White "Röhr, Tobias"]
[Black "Hardt, Silas"]
[Result "1-0"]
[Termination "normal"]
[Board "3.3"]
[WhiteElo "1552"]
[BlackElo "1305"]
[WhiteTeam "USV Potsdam"]
[BlackTeam "Märkischer Springer Halver-Schalksmühle"]
[WhiteFideId "12963089"]
[BlackFideId "16200667"]
[EventCountry "GER"]
[EventRounds "7"]
[EventType "team-swiss"]
[EventDate "2013.12.26"]

1. d4 c5 2. dxc5 e6 3. Nf3 Bxc5 4. Bf4 Nc6 5. e3 Nf6 6. Nc3 O-O 7. Bd3 d5 8.
O-O b6 9. Nb5 a6 10. Nc3 Bb7 11. Bg5 Qe7 12. a3 Rad8 13. Bh4 e5 14. e4 Qe6 15.
Ng5 Qd7 16. exd5 Nxd5 17. Bxh7+ Kh8 18. Qh5 Nf6 19. Qe2 Qg4 20. Qxg4 Nxg4 21.
Bf5 Nf6 22. Nge4 Nxe4 23. Nxe4 Rd5 24. Rad1 Rxd1 25. Rxd1 Nd4 26. Nxc5 Nxf5 27.
Nxb7 Nxh4 28. Rd8 Kg8 29. Rd5 Ng6 30. Rd6 Rc8 31. c3 Rc7 32. Rxb6 Rd7 33. g3
Rd1+ 34. Kg2 e4 35. Rxa6 Rd2 36. Ra8+ Kh7 37. Re8 Rxb2 38. Nd6 Ra2 39. Nxe4
Rxa3 40. Ng5+ Kh6 41. Nxf7+ Kh7 42. c4 Rc3 43. Rc8 Rc1 44. h4 Rc2 45. h5 Ne7
46. Rh8# 1-0

[Event "DVM U12 2013"]
[Site "Lichtenfels-Schney GER"]
[Date "2013.12.27"]
[Round "2"]
[White "Browning, Rebecca"]
[Black "Hausdorf, Lars"]
[Result "0-1"]
[Termination "normal"]
[Board "3.4"]
[WhiteElo "1090"]
[BlackElo "1344"]
[WhiteTeam "Märkischer Springer Halver-Schalksmühle"]
[BlackTeam "USV Potsdam"]
[WhiteFideId "12984027"]
[BlackFideId "16200390"]
[EventCountry "GER"]
[EventRounds "7"]
[EventType "team-swiss"]
[EventDate "2013.12.26"]

1. d4 d5 2. Nf3 Nf6 3. Bf4 e6 4. e3 Nbd7 5. Bd3 Be7 6. Ne5 O-O 7. Qf3 c5 8. c3
Qb6 9. b3 cxd4 10. exd4 Nxe5 11. dxe5 Nd7 12. Qh3 h6 13. Qg3 Kh8 14. Qh3 Nc5
15. Bc2 Kg8 16. Bxh6 gxh6 17. Qxh6 f5 18. O-O Rf7 19. Re1 Ne4 20. Re3 Bg5 21.
Qg6+ Kf8 22. Bxe4 Bxe3 23. Bf3 Bxf2+ 24. Kh1 Bd7 25. Qh6+ Kg8 26. Na3 Qe3 27.
Qg6+ Rg7 28. Qh5 Qg5 29. Qh3 Rh7 30. Qxh7+ Kxh7 31. Rf1 Rc8 32. Be2 Bb6 33. Nb1
Bc7 34. Rf3 Bxe5 35. h4 Qg6 36. h5 Qg5 37. Rf1 Rg8 38. Bf3 Qh4+ 39. Kg1 Qg3 40.
Rd1 Bb5 0-1

[Event "DVM U12 2013"]
[Site "Lichtenfels-Schney GER"]
[Date "2013.12.27"]
[Round "2"]
[White "Dathe, Frederick"]
[Black "Hofmann, Rares"]
[Result "0-1"]
[Termination "normal"]
[Board "4.1"]
[WhiteElo "1521"]
[BlackElo "1789"]
[WhiteTeam "Schachunion Berlin"]
[BlackTeam "TuS Coswig 1920"]
[WhiteFideId "12963070"]
[BlackFideId "12976440"]
[EventCountry "GER"]
[EventRounds "7"]
[EventType "team-swiss"]
[EventDate "2013.12.26"]

1. d4 Nf6 2. c4 e6 3. Nc3 Bb4 4. Bd2 d5 5. e3 c5 6. a3 Bxc3 7. Bxc3 cxd4 8.
Qxd4 Nc6 9. Qh4 e5 10. Nf3 Qd6 11. Qg3 O-O 12. Bxe5 Nxe5 13. Qxe5 Qb6 14. cxd5
Qa5+ 15. Qc3 Qxd5 16. Bc4 Qh5 17. Qe5 Qg4 18. Bf1 Re8 19. Qg3 Qa4 20. Qd6 Bg4
21. Qb4 Qxb4+ 22. axb4 Re4 23. Nd4 Nd5 24. b5 Rae8 25. Nc2 Nb4 26. Nxb4 Rxb4
27. f3 Bh5 28. e4 f5 29. b3 fxe4 30. Kf2 exf3 31. gxf3 Rf4 32. Bc4+ Kh8 33. Bd5
Ref8 34. Rhe1 Bxf3 35. Bxf3 Rxf3+ 36. Kg1 Rxb3 37. Rxa7 Rxb5 38. Re7 Rb8 39.
Kf2 Kg8 40. Ke3 Kf8 41. Rd7 Rh5 42. Raxb7 Rxb7 43. Rxb7 Rxh2 44. Rb8+ Kf7 45.
Rb7+ Kg6 46. Rb6+ Kg5 47. Rb7 g6 48. Rb5+ Kg4 49. Rb4+ Kh5 50. Rb5+ g5 51. Rb7
h6 52. Rh7 Kg4 53. Rf7 h5 54. Rf3 Rh3 55. Rxh3 Kxh3 56. Kf2 Kh2 57. Kf3 g4+ 58.
Kf4 g3 59. Kf3 g2 60. Ke4 g1=Q 61. Kd5 0-1

[Event "DVM U12 2013"]
[Site "Lichtenfels-Schney GER"]
[Date "2013.12.27"]
[Round "2"]
[White "Kunath, Tim"]
[Black "Hommel, Niclas"]
[Result "1-0"]
[Termination "normal"]
[Board "4.2"]
[WhiteElo "1552"]
[BlackElo "1572"]
[WhiteTeam "TuS Coswig 1920"]
[BlackTeam "Schachunion Berlin"]
[WhiteFideId "12985074"]
[BlackFideId "12974927"]
[EventCountry "GER"]
[EventRounds "7"]
[EventType "team-swiss"]
[EventDate "2013.12.26"]

1. e4 e5 2. Nf3 Nc6 3. Nc3 Nf6 4. d4 exd4 5. Nxd4 Bb4 6. Nxc6 dxc6 7. Qxd8+
Kxd8 8. Bg5 Ke8 9. O-O-O Bd7 10. f3 Ba5 11. Bc4 Rf8 12. Rd3 h6 13. Bh4 g5 14.
Bg3 c5 15. Be5 Nh5 16. Rhd1 Bc6 17. Bd5 f6 18. Bxc6+ bxc6 19. Bg3 Nxg3 20. hxg3
Rf7 21. Na4 Bb6 22. Rc3 Rd8 23. Nxc5 Rxd1+ 24. Kxd1 Bxc5 25. Rxc5 Rd7+ 26. Ke2
Rd6 27. Ra5 c5 28. Rxa7 Kd7 29. Ra4 Rb6 30. b3 Kd6 31. Rc4 Rc6 32. a4 Ra6 33.
Ke3 Ra5 34. Kd3 h5 35. Kc3 g4 36. f4 Kd7 37. Kb2 Kd6 38. Ka3 Kd7 39. b4 cxb4+
40. Kxb4 Ra8 41. Rc5 Rh8 42. e5 fxe5 43. Rxe5 Rh6 44. Kb5 {Nicht weiter
rekonstruierbar} 1-0

[Event "DVM U12 2013"]
[Site "Lichtenfels-Schney GER"]
[Date "2013.12.27"]
[Round "2"]
[White "Lange, Johannes Friedrich"]
[Black "Lehne, Arwin Hugo"]
[Result "1/2-1/2"]
[Termination "normal"]
[Board "4.3"]
[WhiteElo "1166"]
[BlackElo "1336"]
[WhiteTeam "Schachunion Berlin"]
[BlackTeam "TuS Coswig 1920"]
[WhiteFideId "12975290"]
[BlackFideId "12985090"]
[EventCountry "GER"]
[EventRounds "7"]
[EventType "team-swiss"]
[EventDate "2013.12.26"]

1. d4 d5 2. c4 c6 3. Nc3 Bf5 4. Nf3 Nf6 5. Bf4 e6 6. e3 Bb4 7. a3 Ba5 8. b4 Bc7
9. Bxc7 Qxc7 10. Bd3 Bxd3 11. Qxd3 O-O 12. O-O Nbd7 13. c5 Rfe8 14. Rfe1 e5 15.
e4 exd4 16. Nxd4 Nxe4 17. Nxe4 dxe4 18. Rxe4 Rxe4 19. Qxe4 Nf6 20. Qf5 Re8 21.
Qc2 Qe5 22. Qd2 Rd8 23. Rd1 Ng4 24. g3 Nh6 1/2-1/2

[Event "DVM U12 2013"]
[Site "Lichtenfels-Schney GER"]
[Date "2013.12.27"]
[Round "2"]
[White "von Koslowski, Wilhelm"]
[Black "Sauer, Jakob"]
[Result "1-0"]
[Termination "normal"]
[Board "4.4"]
[WhiteElo "1280"]
[BlackElo "1357"]
[WhiteTeam "TuS Coswig 1920"]
[BlackTeam "Schachunion Berlin"]
[WhiteFideId "12985147"]
[BlackFideId "16211707"]
[EventCountry "GER"]
[EventRounds "7"]
[EventType "team-swiss"]
[EventDate "2013.12.26"]

1. e4 e5 2. Nf3 Nc6 3. Nc3 Bb4 4. d4 exd4 5. Nxd4 Bc5 6. Be3 Qf6 7. Nd5 Qd8 8.
Nxc6 dxc6 9. Bxc5 cxd5 10. Qxd5 Qxd5 11. exd5 b6 12. Bd4 f6 13. c4 Bb7 14. Bd3
O-O-O 15. O-O c6 16. dxc6 Rxd4 17. cxb7+ Kxb7 18. Rad1 Ne7 19. Rd2 Rc8 20. Rfd1
g6 21. f3 Rdd8 22. Be4+ Kc7 23. Rxd8 Rxd8 24. Rxd8 Kxd8 25. f4 f5 26. Bf3 Kd7
27. Kf2 Kd6 28. b4 a5 29. a3 Ng8 30. Ke3 Nf6 31. Kd4 Ke6 32. c5 axb4 33. axb4
bxc5+ 34. Kxc5 Kd7 35. Kb6 Ne4 36. b5 Kc8 37. Ka7 Nc5 38. b6 h6 39. b7+ Nxb7
40. Bxb7+ Kc7 41. h4 Kd6 42. Kb6 Ke6 43. Kc7 Kf6 44. Kd6 g5 45. hxg5+ hxg5 46.
fxg5+ Kxg5 47. Ke5 Kg4 48. Bf3+ Kg5 49. g3 Kg6 50. Kf4 Kf6 51. Bb7 Kg6 52. Bc8
Kg7 53. Kxf5 Kh6 54. Kf6 Kh7 55. Kf7 Kh6 56. Kf6 Kh7 57. g4 Kg8 58. g5 Kh7 59.
g6+ Kh8 60. g7+ Kh7 61. Be6 Kh6 62. g8=Q Kh5 63. Qg5# 1-0

[Event "DVM U12 2013"]
[Site "Lichtenfels-Schney GER"]
[Date "2013.12.27"]
[Round "2"]
[White "Daoud, Marcel"]
[Black "Weimert, Miriam"]
[Result "1-0"]
[Termination "normal"]
[Board "5.1"]
[WhiteElo "1638"]
[BlackElo "1390"]
[WhiteTeam "SK Freising"]
[BlackTeam "SG Turm Leipzig"]
[WhiteFideId "12994774"]
[BlackFideId "12966703"]
[EventCountry "GER"]
[EventRounds "7"]
[EventType "team-swiss"]
[EventDate "2013.12.26"]

1. e4 c5 2. Nc3 Nc6 3. f4 d6 4. Bb5 g6 5. Nf3 Bg7 6. O-O Nf6 7. d3 O-O 8. Qe1
e6 9. Bxc6 bxc6 10. Qh4 Nh5 11. Qxd8 Rxd8 12. e5 Bh8 13. Ne4 d5 14. Nxc5 Ng7
15. g4 Rb8 16. a4 Rf8 17. Nd4 Ra8 18. Nxc6 f6 19. Be3 Rf7 20. Nd4 Bd7 21. exf6
Ne8 22. g5 Nc7 23. Nf3 Be8 24. Ne5 Rf8 25. Ng4 h5 26. Ne5 Rd8 27. d4 Rd6 28.
Bd2 Na6 29. Nxa6 Rxa6 30. Bb4 Rf7 31. Nxf7 Bxf7 32. Rf3 Rc6 33. Rc3 Rxc3 34.
Bxc3 Be8 35. b4 a6 36. b5 axb5 37. axb5 Bxb5 38. Ra8+ Kf7 39. Ra7+ 1-0

[Event "DVM U12 2013"]
[Site "Lichtenfels-Schney GER"]
[Date "2013.12.27"]
[Round "2"]
[White "Lieberwirth, Kasimir"]
[Black "Wachtel, Arthur"]
[Result "0-1"]
[Termination "normal"]
[Board "5.2"]
[WhiteElo "1457"]
[BlackElo "1434"]
[WhiteTeam "SG Turm Leipzig"]
[BlackTeam "SK Freising"]
[WhiteFideId "12988146"]
[BlackFideId "12988510"]
[EventCountry "GER"]
[EventRounds "7"]
[EventType "team-swiss"]
[EventDate "2013.12.26"]

1. e4 e6 2. d4 d5 3. Nc3 Nc6 4. Bb5 Bb4 5. e5 Nge7 6. Bg5 O-O 7. Nge2 h6 8. Bh4
Bd7 9. O-O a6 10. Bxc6 Bxc6 11. a3 Bxc3 12. Nxc3 Qd7 13. Bxe7 Qxe7 14. a4 f6
15. f4 fxe5 16. fxe5 Bd7 17. Ne2 c5 18. c3 b5 19. Nf4 bxa4 20. Ng6 Rxf1+ 21.
Qxf1 Qg5 22. Nf4 Rf8 23. g3 Bb5 24. Qe1 Qf5 25. Qb1 Qg4 26. Qc2 Rxf4 27. dxc5
Rf7 28. Qd2 Qc4 29. Kg2 Rf1 30. Rc1 Qe4+ 31. Kh3 Be2 0-1

[Event "DVM U12 2013"]
[Site "Lichtenfels-Schney GER"]
[Date "2013.12.27"]
[Round "2"]
[White "Oelmaier, Manuel"]
[Black "Kreicarek, Tobias"]
[Result "1/2-1/2"]
[Termination "normal"]
[Board "5.3"]
[WhiteElo "1114"]
[BlackElo "1337"]
[WhiteTeam "SK Freising"]
[BlackTeam "SG Turm Leipzig"]
[BlackFideId "16255909"]
[EventCountry "GER"]
[EventRounds "7"]
[EventType "team-swiss"]
[EventDate "2013.12.26"]

1. e4 d5 2. exd5 Nf6 3. Nf3 Nxd5 4. d4 Nc6 5. Bc4 Nb6 6. Bb5 a6 7. Bxc6+ bxc6
8. Nc3 Bb7 9. Bf4 e6 10. O-O Be7 11. Qd3 O-O 12. Ne4 Nd5 13. Bg3 Nf6 14. Nxf6+
Bxf6 15. Be5 h6 16. Bxf6 Qxf6 17. Ne5 Rad8 18. c3 c5 19. Rfe1 Qg5 20. Nf3 Qf6
21. Qc4 Bxf3 22. gxf3 Qxf3 23. Qxc5 Rd5 24. Re3 Qxe3 25. fxe3 Rxc5 26. dxc5 Rd8
27. Rc1 Rd2 28. Rb1 Kf8 29. a4 Rd3 30. Kf2 Rd2+ 31. Kg1 Ke8 32. c4 Rc2 33. b3
Rc3 34. Kf2 Rc2+ 35. Kg1 Re2 36. b4 Rxe3 37. b5 axb5 38. cxb5 1/2-1/2

[Event "DVM U12 2013"]
[Site "Lichtenfels-Schney GER"]
[Date "2013.12.27"]
[Round "2"]
[White "Hummel, Jeremias"]
[Black "Seidenberger, Florian"]
[Result "1-0"]
[Termination "normal"]
[Board "5.4"]
[WhiteElo "1237"]
[BlackElo "810"]
[WhiteTeam "SG Turm Leipzig"]
[BlackTeam "SK Freising"]
[EventCountry "GER"]
[EventRounds "7"]
[EventType "team-swiss"]
[EventDate "2013.12.26"]

1. e4 e6 2. d4 d5 3. exd5 exd5 4. Bd3 Nc6 5. Nf3 Nf6 6. O-O Bd6 7. Re1+ Ne7 8.
Bg5 Ne4 9. Bxe4 dxe4 10. Rxe4 Bf5 11. Re1 O-O 12. Nc3 h6 13. Bh4 c6 14. d5 Rc8
15. dxc6 bxc6 16. Ne4 Bxe4 17. Rxe4 Qd7 18. Bxe7 Rfe8 19. Rd4 Rxe7 20. Rxd6 Qc7
21. Qd3 Rce8 22. Rd1 Qb8 23. b3 Qb6 24. Rd8 Qa5 25. Rxe8+ Rxe8 26. Qd7 Rc8 27.
Qxc8+ Kh7 28. Qd7 f6 29. Nh4 Qxa2 30. Qf5+ Kg8 31. Rd8+ Kf7 32. Qg6+ Ke6 33.
Qe8# 1-0